[Event "Mitropa Cup 16th"]
[Site "Buekfuerdo"]
[Date "1995.??.??"]
[Round "8"]
[White "Loncar, Robert"]
[Black "Van der Werf, Mark"]
[Result "0-1"]
[WhiteElo "2385"]
[BlackElo "2415"]
[Annotator "Hecht"]
[PlyCount "160"]
[EventDate "1995.02.??"]
[EventType "team-tourn"]
[EventRounds "9"]
[EventCountry "HUN"]
[Source "ChessBase"]
[SourceDate "1995.07.01"]

1. e4 c6 2. d4 d5 3. Nc3 dxe4 4. Nxe4 Nd7 5. Ng5 Ngf6 6. Bd3 e6 7. N1f3 Bd6 8.
Qe2 h6 9. Ne4 Nxe4 10. Qxe4 Nf6 11. Qe2 c5 12. dxc5 Qa5+ 13. Bd2 Qxc5 14. c4 b6
15. Bc3 Bb7 16. O-O-O O-O-O 17. Kb1 Rd7 18. Nd4 Rhd8 19. f3 Qh5 20. h3 Bg3 21.
Bc2 Qc5 22. Nb3 Qf2 23. Qxf2 Bxf2 24. Rxd7 Rxd7 25. Rf1 Bg3 26. Nd2 g6 27. Ba4
Rd8 28. Bxf6 Rxd2 29. Be8 e5 30. Bxf7 e4 31. fxe4 Bxe4+ 32. Kc1 Rc2+ 33. Kd1
Rxg2 34. Bd5 Bc2+ 35. Kc1 Rh2 36. Be6+ Kc7 37. Rf3 Bd6 38. Bd4 g5 39. Rf7+ Kb8
40. Bf2 Bg6 41. Rf3 Bf4+ 42. Be3 Bxe3+ 43. Rxe3 Rc2+ 44. Kd1 Rxb2 45. a3 Rf2
46. Bd5 Bf7 47. Ke1 Rf4 48. Bxf7 Rxf7 49. Re6 h5 50. Re5 Rg7 51. a4 Rc7 52.
Rxg5 Rxc4 53. Rxh5 Rxa4 {Die verbundenen Freibauern gewinnen gegen den
Einzelfreibauer!} 54. Rh7 Rd4 55. h4 a5 56. h5 a4 57. h6 Rd6 $1 {schneidet den
w K ab} (57... Rh4 $6 58. Kd2 Rh3 59. Rg7 Rxh6 60. Rg4 b5 61. Rg5 Rb6 62. Kc3
b4+ (62... Ka7 63. Kb4 Ka6 64. Rh5 Rg6 65. Rh4 Kb6 66. Rf4 Kc6 67. Rh4 $10) 63.
Kb2 Kb7 64. Ra5 a3+ 65. Kb3 Kc6 66. Rh5 Rb5 67. Rh6+ Kb7 68. Rg6 Rb6 69. Rg5
Ka6 70. Rh5 Rb5 71. Rh6+ Ka5 72. Rh4 Rg5 73. Rh3 Kb5 74. Rf3 Kc5 75. Rh3 Rg1 (
75... Rg2 76. Rh5+ Kd4 77. Kxb4 a2 78. Rh1 Rb2+ 79. Ka3 Rb1 80. Rh4+ $10) 76.
Rh5+ Kd4 77. Rh2 Rb1+ 78. Ka2 $10) 58. Ke2 b5 59. Rh8+ Ka7 60. Rh7+ Kb8 (60...
Kb6 61. Rh8 Rd7 $2 62. h7 Kb7 63. Rb8+ $10) 61. Rh8+ Kb7 62. Rh7+ Kc6 $1 63.
Rh8 Rd7 64. h7 (64. Rg8 Kc5 65. Rg7 Rd6 66. h7 Rh6 67. Kd3 Rh3+ 68. Kc2 Kb4 $19
) 64... Rc7 $1 {sichert den sK, aktiviert den wK, dafür ist der wT fast
unbeweglich} 65. Kd3 Kc5 66. Kc3 b4+ 67. Kd3 (67. Kb2 Kc4 68. Ra8 Rxh7 69. Rxa4
Rh2+ 70. Kc1 Kb3 71. Ra8 Rh1+ 72. Kd2 Kb2 $19) 67... a3 68. Rg8 Rxh7 69. Rg5+
Kb6 70. Kc2 Rh1 71. Kb3 Rb1+ 72. Ka2 Rb2+ 73. Ka1 Rd2 74. Rg8 Kb5 75. Rg4 b3
76. Rg5+ Kc4 77. Rg4+ Kc3 78. Rg1 Re2 (78... Kc2 79. Rc1+ Kd3 80. Rh1) 79. Rg3+
Kc2 80. Rg1 Kd2 0-1

[Event "Mitropa Cup 16th"]
[Site "Buekfuerdo"]
[Date "1995.??.??"]
[Round "8"]
[White "Manik, Mikulas"]
[Black "Kachiani Gersinska, Ketino"]
[Result "1-0"]
[WhiteElo "2380"]
[BlackElo "2380"]
[PlyCount "113"]
[EventDate "1995.02.??"]
[EventType "team-tourn"]
[EventRounds "9"]
[EventCountry "HUN"]
[Source "ChessBase"]
[SourceDate "1995.07.01"]

1. e4 e5 2. Nf3 Nc6 3. Bb5 a6 4. Ba4 Nf6 5. O-O Be7 6. Re1 b5 7. Bb3 d6 8. c3
O-O 9. h3 Nb8 10. d4 Nbd7 11. Nbd2 Bb7 12. Bc2 Re8 13. Nf1 Bf8 14. Ng3 g6 15.
b3 Bg7 16. d5 Nb6 17. Be3 Rc8 18. Bd3 c6 19. c4 cxd5 20. cxd5 Nfxd5 21. exd5
Nxd5 22. Bg5 Qd7 23. Be4 Nc3 24. Qd2 d5 25. Bc2 b4 26. Bh6 f6 27. Bxg7 Qxg7 28.
a3 bxa3 29. Rxa3 Nb5 30. Ra4 Qc7 31. Bb1 Qc3 32. Qxc3 Rxc3 33. Nd2 e4 34. Ne2
Rc5 35. Nd4 Rec8 36. Nxb5 Rxb5 37. b4 f5 38. Ba2 Kg7 39. Nb3 Kf6 40. Nc5 Ke5
41. Rd1 Rd8 42. Bc4 Rb6 43. Nxb7 Rxb7 44. Bxa6 Rb6 45. b5 d4 46. f4+ Kxf4 47.
Raxd4 Rxd4 48. Rxd4 Kg3 49. Rc4 Rd6 50. Rc3+ Kf4 51. Rc6 Rd1+ 52. Kh2 g5 53. b6
Rb1 54. b7 e3 55. Rc4+ Ke5 56. Rc8 e2 57. b8=Q+ 1-0

[Event "Mitropa Cup 16th"]
[Site "Buekfuerdo"]
[Date "1995.??.??"]
[Round "8"]
[White "Mueller, Karsten"]
[Black "Banas, Jan"]
[Result "1/2-1/2"]
[WhiteElo "2470"]
[BlackElo "2410"]
[PlyCount "64"]
[EventDate "1995.02.??"]
[EventType "team-tourn"]
[EventRounds "9"]
[EventCountry "HUN"]
[Source "ChessBase"]
[SourceDate "1995.07.01"]

1. e4 c5 2. Nf3 Nc6 3. d4 cxd4 4. Nxd4 e6 5. Nxc6 bxc6 6. Bd3 Nf6 7. O-O d5 8.
Nd2 Be7 9. b3 O-O 10. Bb2 a5 11. a4 Ba6 12. Bxa6 Rxa6 13. Qe2 Ra8 14. Rad1 Bb4
15. e5 Nd7 16. Nf3 Qc7 17. Rd4 Be7 18. Rg4 Rfe8 19. Rg3 c5 20. Qd2 Bf8 21. Re1
g6 22. h4 h5 23. Ng5 Bg7 24. f4 Nb6 25. Bc3 Nc8 26. f5 exf5 27. Qxd5 Nb6 28.
Qd2 Rad8 29. Rd3 c4 30. Rd6 cxb3 31. cxb3 Nc8 32. Rxd8 Rxd8 1/2-1/2

[Event "Mitropa Cup 16th"]
[Site "Buekfuerdo"]
[Date "1995.??.??"]
[Round "8"]
[White "Pelletier, Yannick"]
[Black "Marinelli, Tullio"]
[Result "1/2-1/2"]
[WhiteElo "2420"]
[BlackElo "2425"]
[PlyCount "81"]
[EventDate "1995.02.??"]
[EventType "team-tourn"]
[EventRounds "9"]
[EventCountry "HUN"]
[Source "ChessBase"]
[SourceDate "1995.07.01"]

1. d4 Nf6 2. c4 e6 3. Nc3 Bb4 4. Qc2 d5 5. a3 Bxc3+ 6. Qxc3 Ne4 7. Qc2 e5 8. e3
exd4 9. cxd5 Nf6 10. Qa4+ c6 11. Qxd4 Qxd5 12. Nf3 O-O 13. Bc4 Qxd4 14. Nxd4 c5
15. Nb5 Nc6 16. O-O Rd8 17. b4 b6 18. Bb2 Ba6 19. Rfc1 Nd5 20. Bxd5 Bxb5 21.
Bf3 Rac8 22. bxc5 Na5 23. cxb6 axb6 24. Rxc8 Rxc8 25. Rc1 Rxc1+ 26. Bxc1 Bd3
27. Bd2 Nc4 28. Bb4 g6 29. Bd5 Kg7 30. Be7 h5 31. g3 Kg8 32. Kg2 Be2 33. h3 Kg7
34. Bf3 Bd3 35. Bd5 Be2 36. a4 Nb2 37. Bb3 Bc4 38. Bc2 Bd5+ 39. Kf1 Bc6 40. Bd8
Nxa4 41. Bxa4 1/2-1/2

[Event "Mitropa Cup 16th"]
[Site "Buekfuerdo"]
[Date "1995.??.??"]
[Round "8"]
[White "Robatsch, Karl"]
[Black "Jirovsky, Milos"]
[Result "1/2-1/2"]
[WhiteElo "2410"]
[BlackElo "2425"]
[PlyCount "50"]
[EventDate "1995.02.??"]
[EventType "team-tourn"]
[EventRounds "9"]
[EventCountry "HUN"]
[Source "ChessBase"]
[SourceDate "1995.07.01"]

1. Nf3 Nf6 2. c4 e6 3. Nc3 d5 4. d4 Nbd7 5. Bf4 c6 6. e3 Be7 7. h3 O-O 8. Qc2
a6 9. cxd5 cxd5 10. Ne5 Nxe5 11. Bxe5 Bd7 12. Bd3 h6 13. O-O Rc8 14. Rfc1 Bc6
15. a3 Nd7 16. Bg3 Re8 17. b3 Bf6 18. Ne2 Bb5 19. Qd1 Qb6 20. Rxc8 Rxc8 21. Rc1
Rxc1 22. Nxc1 Be7 23. a4 Bxd3 24. Nxd3 Qc6 25. Qc1 Qxc1+ 1/2-1/2

[Event "Mitropa Cup 16th"]
[Site "Buekfuerdo"]
[Date "1995.??.??"]
[Round "8"]
[White "Rogic, Davor"]
[Black "Sosonko, Gennadi"]
[Result "1/2-1/2"]
[WhiteElo "2460"]
[BlackElo "2535"]
[PlyCount "54"]
[EventDate "1995.02.??"]
[EventType "team-tourn"]
[EventRounds "9"]
[EventCountry "HUN"]
[Source "ChessBase"]
[SourceDate "1995.07.01"]

1. e4 c5 2. Nf3 d6 3. d4 cxd4 4. Nxd4 Nf6 5. Nc3 Nc6 6. Bc4 e6 7. Be3 Be7 8.
Qe2 O-O 9. O-O-O Qa5 10. Bb3 Nxd4 11. Bxd4 Bd7 12. Kb1 Bc6 13. f4 Rfe8 14. Rhf1
Rad8 15. e5 dxe5 16. fxe5 Nd5 17. Ne4 Nb4 18. c3 Bxe4+ 19. Qxe4 Nc6 20. Rxf7
Nxd4 21. cxd4 Kxf7 22. Qxh7 Bf8 23. Qf5+ Kg8 24. Bxe6+ Rxe6 25. Qxe6+ Kh8 26.
Qh3+ Kg8 27. Qe6+ Kh8 1/2-1/2

[Event "Mitropa Cup 16th"]
[Site "Buekfuerdo"]
[Date "1995.??.??"]
[Round "8"]
[White "Ruck, Robert"]
[Black "Mohr, Georg"]
[Result "1/2-1/2"]
[WhiteElo "2460"]
[BlackElo "2430"]
[PlyCount "67"]
[EventDate "1995.02.??"]
[EventType "team-tourn"]
[EventRounds "9"]
[EventCountry "HUN"]
[Source "ChessBase"]
[SourceDate "1995.07.01"]

1. c4 g6 2. g3 Bg7 3. d4 Nf6 4. Bg2 O-O 5. Nf3 d6 6. O-O Nc6 7. Nc3 Bd7 8. Bd2
a6 9. b3 e6 10. h3 Rb8 11. d5 Ne7 12. dxe6 Bxe6 13. Nd4 Bd7 14. a4 Re8 15. a5
d5 16. Bg5 dxc4 17. bxc4 Qc8 18. Kh2 h6 19. Bxf6 Bxf6 20. Ne4 Bg7 21. Nc5 Rd8
22. e3 Nf5 23. Rb1 Nxd4 24. exd4 b6 25. Nxd7 Qxd7 26. axb6 cxb6 27. Bd5 b5 28.
Ra1 bxc4 29. Bxc4 Qxd4 30. Qxd4 Rxd4 31. Bxa6 Rd6 32. Ra2 Ra8 33. Bc4 Rxa2 34.
Bxa2 1/2-1/2

[Event "Mitropa Cup 16th"]
[Site "Buekfuerdo"]
[Date "1995.??.??"]
[Round "8"]
[White "Tibensky, Robert"]
[Black "Schmittdiel, Eckhard"]
[Result "0-1"]
[WhiteElo "2425"]
[BlackElo "2485"]
[PlyCount "86"]
[EventDate "1995.02.??"]
[EventType "team-tourn"]
[EventRounds "9"]
[EventCountry "HUN"]
[Source "ChessBase"]
[SourceDate "1995.07.01"]

1. d4 e6 2. c4 Nf6 3. Nf3 Bb4+ 4. Nbd2 b6 5. e3 Bb7 6. Bd3 c5 7. dxc5 bxc5 8.
O-O Ba5 9. e4 d6 10. e5 dxe5 11. Nxe5 O-O 12. Ndf3 Nbd7 13. Bg5 Nxe5 14. Nxe5
h6 15. Be3 Bc7 16. f4 Bd6 17. Qe2 Ne4 18. Rad1 Qc7 19. Kh1 f5 20. Bxe4 Bxe4 21.
Nd3 Rf6 22. Bd2 Rg6 23. Rf2 Re8 24. Kg1 Rg4 25. Rdf1 Kh7 26. Qe3 g5 27. g3 Rg8
28. Re2 Rg6 29. Ref2 Ba8 30. Re2 Be4 31. Ref2 h5 32. Rd1 h4 33. Kf1 hxg3 34.
hxg3 Rh6 35. b4 cxb4 36. c5 gxf4 37. gxf4 Bxd3+ 38. Qxd3 Bxc5 39. Be3 Bxe3 40.
Qxe3 Qc4+ 41. Qd3 Rh1+ 42. Ke2 Qxa2+ 43. Rd2 Qa1 0-1

[Event "Mitropa Cup 16th"]
[Site "Buekfuerdo"]
[Date "1995.??.??"]
[Round "8"]
[White "Van Wely, Loek"]
[Black "Zelcic, Robert"]
[Result "1-0"]
[WhiteElo "2575"]
[BlackElo "2500"]
[Annotator "Stohl,I"]
[PlyCount "57"]
[EventDate "1995.02.??"]
[EventType "team-tourn"]
[EventRounds "9"]
[EventCountry "HUN"]
[Source "ChessBase"]
[SourceDate "1995.07.01"]

1. d4 c5 2. d5 e6 3. c4 exd5 4. cxd5 d6 5. Nc3 Ne7 $6 (5... Be7 6. e4 a6 7. a4
Bf6 8. Bd3 Ne7 9. Nge2 (9. h3 Ng6 10. Nf3 O-O 11. O-O b6 12. Be3 Nd7 13. Nd2
Re8 14. Qc2 Rb8 15. f4 b5 16. axb5 Bxc3 17. bxc3 axb5 18. c4 Nb6 $5 19. Rae1
bxc4 20. Nxc4 Ba6 $132 {Karp,M-Meulders,R/Brussels zt/1993/}) 9... Ng6 10. Ng3
O-O 11. O-O b6 12. Bd2 Re8 13. Rb1 Qc7 14. Qc2 Nd7 15. b3 Rb8 16. f4 Ndf8 17.
Kh1 Bh4 18. Nf5 Bf6 19. Ne3 $36 {Novikov,I-Meulders,R/Antwerpen op/1994/}) 6.
h4 $5 $146 (6. g3 Ng6 7. Bg2 Be7 8. Nf3 O-O 9. O-O Bg4 10. h3 Bxf3 11. Bxf3 Na6
12. Bg2 Nc7 13. f4 $1 Qd7 14. Kh2 Nb5 15. Ne4 $1 f5 16. Nd2 Rae8 17. a4 Nc7 18.
Nc4 Bf6 19. Qd3 a6 20. a5 Nb5 21. Bd2 Kh8 22. Rac1 Bd8 23. Rfe1 Qf7 24. b4 $16
{Pinter,J-Zelcic,R/EUCup Gr4 Balatonbereny/1994/}) 6... Ng6 (6... h5 7. Bg5 $36
{><h5,>>}) 7. h5 Ne5 8. e4 Be7 (8... f5 9. f4 $5 (9. exf5 Bxf5 10. Be2 c4 $132)
9... Ng4 10. Be2 Be7 {/\Bh4} 11. Bxg4 fxg4 12. Nge2 $14 {[+]}) 9. Be2 f5 10.
exf5 $1 Bxf5 11. g4 Bd7 12. f4 {()>>} Nf7 13. g5 Na6 (13... Bf5 14. Nf3 {
/\Nh4+/-}) 14. Be3 Qa5 15. Qd2 O-O-O (15... b5 $2 16. Nxb5 $18) (15... O-O $142
$5 16. Nf3 $36 (16. g6 Nh6 $132)) 16. a3 Rde8 17. Kf2 $1 Rhf8 18. Kg3 h6 19. g6
Nd8 20. Nf3 $40 {עc8,/\b4} Bf6 21. Rhc1 Qc7 (21... Kb8 22. b4 cxb4 23. axb4
Qxb4 24. Bxa6 Bxc3 (24... bxa6 25. Rab1) 25. Rxc3 bxa6 26. Rc8+ $18) 22. b4 $18
c4 (22... Kb8 23. Bxa6 bxa6 24. bxc5 dxc5 25. d6 $18) 23. Bxc4 Qxc4 (23... Kb8
24. Nb5 $18) 24. Ne2 Qxc1 25. Rxc1+ Kb8 26. Bd4 Bxd4 27. Qxd4 $1 Re7 (27...
Rxe2 28. Qxg7 Rfe8 29. Qxd7 $18) 28. Nc3 Rf5 29. Re1 {><g7} 1-0

[Event "Mitropa Cup 16th"]
[Site "Buekfuerdo"]
[Date "1995.??.??"]
[Round "9"]
[White "Costa, Jean Luc"]
[Black "Dobrovolsky, Ladislav"]
[Result "1-0"]
[WhiteElo "2425"]
[BlackElo "2380"]
[PlyCount "83"]
[EventDate "1995.02.??"]
[EventType "team-tourn"]
[EventRounds "9"]
[EventCountry "HUN"]
[Source "ChessBase"]
[SourceDate "1995.07.01"]

1. d4 d5 2. c4 e6 3. Nc3 Nf6 4. cxd5 exd5 5. Bg5 Be7 6. e3 c6 7. Qc2 Nbd7 8.
Bd3 Nh5 9. Bxe7 Qxe7 10. Nge2 g6 11. O-O-O Nb6 12. Kb1 Bd7 13. h3 Ng7 14. Ng3
O-O-O 15. Rc1 Kb8 16. Qb3 Be6 17. Na4 Nxa4 18. Qxa4 h5 19. Rc3 h4 20. Ne2 Bf5
21. Nf4 g5 22. Bxf5 Nxf5 23. Nd3 Nd6 24. Ra3 Nb5 25. Rb3 Qe4 26. Rc1 Qxg2 27.
Ne5 Ka8 28. Nxf7 g4 29. Nxd8 Rxd8 30. hxg4 Qe4+ 31. Ka1 h3 32. Qa5 Rg8 33. a4
h2 34. axb5 h1=Q 35. Rxh1 Qxh1+ 36. Ka2 b6 37. Qc3 cxb5 38. Qc6+ Kb8 39. Rxb5
Rd8 40. Qf6 Rd7 41. Qe6 Rd8 42. Qe7 1-0

[Event "Mitropa Cup 16th"]
[Site "Buekfuerdo"]
[Date "1995.??.??"]
[Round "9"]
[White "Gross, David"]
[Black "Pelletier, Yannick"]
[Result "1/2-1/2"]
[WhiteElo "2425"]
[BlackElo "2420"]
[PlyCount "49"]
[EventDate "1995.02.??"]
[EventType "team-tourn"]
[EventRounds "9"]
[EventCountry "HUN"]
[Source "ChessBase"]
[SourceDate "1995.07.01"]

1. e4 c5 2. Nf3 Nc6 3. d4 cxd4 4. Nxd4 Nf6 5. Nc3 d6 6. Bc4 Qb6 7. Nb3 e6 8.
O-O Be7 9. Kh1 O-O 10. Bg5 Ne5 11. Bd3 a6 12. f4 Nxd3 13. Qxd3 h6 14. Bh4 Qc7
15. Rae1 Rd8 16. Qg3 b5 17. e5 Ne8 18. Bxe7 Qxe7 19. Ne4 Bb7 20. f5 Bxe4 21.
Rxe4 exf5 22. Rxf5 dxe5 23. Rfxe5 Qf6 24. Re1 Nd6 25. c3 1/2-1/2

[Event "Mitropa Cup 16th"]
[Site "Buekfuerdo"]
[Date "1995.??.??"]
[Round "9"]
[White "Huss, Andreas"]
[Black "Polak, Tomas"]
[Result "1/2-1/2"]
[WhiteElo "2415"]
[BlackElo "2420"]
[PlyCount "22"]
[EventDate "1995.02.??"]
[EventType "team-tourn"]
[EventRounds "9"]
[EventCountry "HUN"]
[Source "ChessBase"]
[SourceDate "1995.07.01"]

1. d4 Nf6 2. Nf3 e6 3. c4 b6 4. Nc3 Bb4 5. Qc2 Bb7 6. a3 Bxc3+ 7. Qxc3 O-O 8.
e3 d6 9. Bd3 Nbd7 10. O-O Qe7 11. b4 e5 1/2-1/2

[Event "Mitropa Cup 16th"]
[Site "Buekfuerdo"]
[Date "1995.??.??"]
[Round "9"]
[White "Jirovsky, Milos"]
[Black "Ekstroem, Roland"]
[Result "1/2-1/2"]
[WhiteElo "2425"]
[BlackElo "2430"]
[PlyCount "125"]
[EventDate "1995.02.??"]
[EventType "team-tourn"]
[EventRounds "9"]
[EventCountry "HUN"]
[Source "ChessBase"]
[SourceDate "1995.07.01"]

1. c4 e6 2. g3 d5 3. Bg2 dxc4 4. Qa4+ Nd7 5. Nf3 c5 6. Qxc4 Ngf6 7. O-O a6 8.
Qc2 b5 9. a4 Bb7 10. Nc3 Qb6 11. axb5 axb5 12. Rxa8+ Bxa8 13. d3 Be7 14. Qb3 b4
15. Nd1 O-O 16. Ne3 Bc6 17. Nc4 Qb5 18. Bg5 Ra8 19. Nfd2 Bxg2 20. Kxg2 Qc6+ 21.
Kg1 Qa4 22. Rc1 Kf8 23. Qxa4 Rxa4 24. Nb3 Ra2 25. e4 Ng4 26. Bxe7+ Kxe7 27. f4
Ngf6 28. Rc2 Ra7 29. Ncd2 Ra2 30. Nc4 Ra7 31. Kf2 Rc7 32. Kf3 h6 33. Rc1 Nb8
34. Ncd2 Nfd7 35. e5 Na6 36. Ne4 f6 37. d4 cxd4 38. Rxc7 Nxc7 39. Nxd4 Nd5 40.
Nc6+ Kf8 41. Ke2 Kf7 42. Nd6+ Kf8 43. Kd3 g5 44. fxg5 hxg5 45. Kd4 fxe5+ 46.
Nxe5 Ke7 47. Nxd7 Kxd6 48. Ne5 Ke7 49. Nd3 Kd6 50. h3 Ne7 51. g4 Nc6+ 52. Ke4
b3 53. Nc1 Na5 54. Kd4 e5+ 55. Kc3 Kd5 56. Kb4 Nc4 57. Kxb3 Kd4 58. Ne2+ Kd3
59. Ng3 Nd2+ 60. Ka4 e4 61. b4 e3 62. b5 Ne4 63. b6 1/2-1/2

[Event "Mitropa Cup 16th"]
[Site "Buekfuerdo"]
[Date "1995.??.??"]
[Round "9"]
[White "Jukic, Branimir"]
[Black "Casagrande, Harald"]
[Result "1-0"]
[WhiteElo "2415"]
[BlackElo "2385"]
[PlyCount "113"]
[EventDate "1995.02.??"]
[EventType "team-tourn"]
[EventRounds "9"]
[EventCountry "HUN"]
[Source "ChessBase"]
[SourceDate "1995.07.01"]

1. e4 d5 2. exd5 Nf6 3. d4 Nxd5 4. c4 Nb6 5. Nf3 g6 6. h3 Bg7 7. Nc3 O-O 8. Be3
Nc6 9. Qd2 e5 10. d5 Na5 11. b3 e4 12. Nd4 c6 13. dxc6 Nxc6 14. Nxc6 bxc6 15.
Qxd8 Rxd8 16. Rc1 f5 17. Be2 Be6 18. O-O Be5 19. Bg5 Rf8 20. Rfd1 Kg7 21. f3 h6
22. Be7 Rfe8 23. Bd6 Bf7 24. fxe4 fxe4 25. Bxe5+ Rxe5 26. Rd6 c5 27. Rcd1 Rae8
28. a4 Nc8 29. Rc6 Ne7 30. Rc7 Rb8 31. Rdd7 Kf6 32. Rxc5 Rxb3 33. Rxe5 Kxe5 34.
Nxe4 Rb1+ 35. Kf2 Ke6 36. Rxa7 Be8 37. Bg4+ Nf5 38. Bxf5+ gxf5 39. Nc5+ Kd6 40.
Nd3 Ra1 41. Ra6+ Kc7 42. Rxh6 Rxa4 43. Ne5 Ra5 44. Re6 Ra2+ 45. Kf3 Ba4 46. Rg6
Bc2 47. h4 Be4+ 48. Kf4 Bxg2 49. h5 Be4 50. h6 Rf2+ 51. Ke3 Rh2 52. c5 Bb1 53.
Kf4 Rf2+ 54. Kg3 Re2 55. Rg7+ Kc8 56. h7 f4+ 57. Kxf4 1-0

[Event "Mitropa Cup 16th"]
[Site "Buekfuerdo"]
[Date "1995.??.??"]
[Round "9"]
[White "Kachiani Gersinska, Ketino"]
[Black "Grosar, Aljosa"]
[Result "0-1"]
[WhiteElo "2380"]
[BlackElo "2475"]
[PlyCount "104"]
[EventDate "1995.02.??"]
[EventType "team-tourn"]
[EventRounds "9"]
[EventCountry "HUN"]
[Source "ChessBase"]
[SourceDate "1995.07.01"]

1. d4 Nf6 2. c4 e6 3. g3 Bb4+ 4. Bd2 c5 5. Nf3 Bxd2+ 6. Qxd2 cxd4 7. Nxd4 d5 8.
cxd5 Qxd5 9. Nf3 Nc6 10. Bg2 O-O 11. O-O Qh5 12. Qg5 Qxg5 13. Nxg5 h6 14. Ne4
Nxe4 15. Bxe4 Bd7 16. Nc3 Rfd8 17. Rfd1 Kf8 18. Na4 Be8 19. Nc5 b6 20. Na6 Rac8
21. Rac1 Rxd1+ 22. Rxd1 Ke7 23. Rc1 Bd7 24. Kf1 f5 25. Bg2 Ne5 26. Rxc8 Bxc8
27. Nb4 Kd6 28. Ke1 Kc5 29. Nc2 g5 30. h3 f4 31. Kd2 a5 32. Kc3 fxg3 33. fxg3
Nc4 34. b3 Nd6 35. a3 e5 36. g4 Be6 37. e3 Bd5 38. Bf1 Ne4+ 39. Kb2 Ng3 40. b4+
Kd6 41. Ba6 Bg2 42. e4 axb4 43. axb4 Bxh3 44. Ne3 Nxe4 45. Nf5+ Ke6 46. Nxh6
Nd6 47. Kc3 Bg2 48. Kd2 Be4 49. Ke3 Bh7 50. Bf1 Kf6 51. Bh3 Bb1 52. Bg2 Kg7 0-1

[Event "Mitropa Cup 16th"]
[Site "Buekfuerdo"]
[Date "1995.??.??"]
[Round "9"]
[White "Marinelli, Tullio"]
[Black "Ruck, Robert"]
[Result "1/2-1/2"]
[WhiteElo "2425"]
[BlackElo "2460"]
[PlyCount "77"]
[EventDate "1995.02.??"]
[EventType "team-tourn"]
[EventRounds "9"]
[EventCountry "HUN"]
[Source "ChessBase"]
[SourceDate "1995.07.01"]

1. d4 d6 2. c4 e5 3. Nf3 Nd7 4. Nc3 Ngf6 5. e4 c6 6. Be2 a6 7. O-O Be7 8. Re1
O-O 9. Rb1 Re8 10. b4 Qc7 11. a3 h6 12. Bf1 Bf8 13. h3 b6 14. dxe5 dxe5 15. g4
Be7 16. Qc2 Nf8 17. Ne2 Ng6 18. Rb3 Nh7 19. Ng3 Ng5 20. Nh5 Be6 21. Nxg5 Bxg5
22. Bxg5 hxg5 23. Qd2 Nf4 24. Nxf4 gxf4 25. Rd3 c5 26. Rd6 Red8 27. Rd1 Rxd6
28. Qxd6 Rc8 29. Qxc7 Rxc7 30. Rd8+ Kh7 31. Rd6 cxb4 32. axb4 Bxc4 33. Rxb6
Bxf1 34. Kxf1 f3 35. Kg1 Rc4 36. Kh2 Rxe4 37. Kg3 Rf4 38. Rxa6 Rxb4 39. Kxf3
1/2-1/2

[Event "Mitropa Cup 16th"]
[Site "Buekfuerdo"]
[Date "1995.??.??"]
[Round "9"]
[White "Mrva, Martin"]
[Black "Bosboom, Manuel"]
[Result "1-0"]
[WhiteElo "2400"]
[BlackElo "2430"]
[PlyCount "61"]
[EventDate "1995.02.??"]
[EventType "team-tourn"]
[EventRounds "9"]
[EventCountry "HUN"]
[Source "ChessBase"]
[SourceDate "1995.07.01"]

1. e4 c5 2. Nf3 e6 3. Nc3 d6 4. d4 cxd4 5. Nxd4 a6 6. f4 Nf6 7. Nf3 Nbd7 8. Bd3
Qc7 9. O-O b5 10. Qe1 Bb7 11. Bd2 g6 12. a3 Bg7 13. Qh4 O-O 14. Kh1 Nc5 15. f5
Rae8 16. Bg5 Ncd7 17. Rf2 Qc5 18. Raf1 b4 19. e5 dxe5 20. axb4 Qc7 21. fxg6
fxg6 22. Be3 Nd5 23. Nxd5 exd5 24. Ng5 Nf6 25. Bc5 Bc8 26. Nxh7 Nxh7 27. Bxg6
Nf6 28. Bxe8 Rxe8 29. Rxf6 Bxf6 30. Rxf6 Qg7 31. Rf3 1-0

[Event "Mitropa Cup 16th"]
[Site "Buekfuerdo"]
[Date "1995.??.??"]
[Round "9"]
[White "Schmittdiel, Eckhard"]
[Black "Gostisa, Leon"]
[Result "1-0"]
[WhiteElo "2485"]
[BlackElo "2420"]
[PlyCount "67"]
[EventDate "1995.02.??"]
[EventType "team-tourn"]
[EventRounds "9"]
[EventCountry "HUN"]
[Source "ChessBase"]
[SourceDate "1995.07.01"]

1. e4 e5 2. Nf3 Nc6 3. d4 exd4 4. Nxd4 Nf6 5. Nxc6 bxc6 6. e5 Ne4 7. Nd2 Nc5 8.
Nf3 Be7 9. Nd4 O-O 10. Be2 Re8 11. O-O Bf8 12. f4 d6 13. Bf3 Bb7 14. b4 dxe5
15. fxe5 Na4 16. Qd3 Bxb4 17. e6 fxe6 18. Be3 a5 19. Be4 Qh4 20. Nf3 Qh5 21.
Ng5 g6 22. Rf7 Bc5 23. Bxc5 Qxg5 24. Be3 Ba6 25. Qd2 Qe5 26. Bd4 Qxe4 27. Rg7+
Kf8 28. Re1 Qh4 29. g3 Qg4 30. Bf6 e5 31. Qh6 Qd4+ 32. Kg2 Qd5+ 33. Kh3 Bc8+
34. Rd7+ 1-0

[Event "Mitropa Cup 16th"]
[Site "Buekfuerdo"]
[Date "1995.??.??"]
[Round "9"]
[White "Sermek, Drazen"]
[Black "Hoffmann, Michael"]
[Result "1/2-1/2"]
[WhiteElo "2515"]
[BlackElo "2475"]
[PlyCount "27"]
[EventDate "1995.02.??"]
[EventType "team-tourn"]
[EventRounds "9"]
[EventCountry "HUN"]
[Source "ChessBase"]
[SourceDate "1995.07.01"]

1. e4 c6 2. d4 d5 3. exd5 cxd5 4. c4 Nf6 5. Nc3 e6 6. Nf3 Bb4 7. cxd5 Nxd5 8.
Bd2 O-O 9. Bd3 Nc6 10. a3 Be7 11. Qc2 h6 12. Rd1 Bf6 13. Be3 Nce7 14. O-O
1/2-1/2

[Event "Mitropa Cup 16th"]
[Site "Buekfuerdo"]
[Date "1995.??.??"]
[Round "9"]
[White "Stajcic, Nikola"]
[Black "Leventic, Ivan"]
[Result "0-1"]
[WhiteElo "2350"]
[BlackElo "2400"]
[PlyCount "120"]
[EventDate "1995.02.??"]
[EventType "team-tourn"]
[EventRounds "9"]
[EventCountry "HUN"]
[Source "ChessBase"]
[SourceDate "1995.07.01"]

1. d4 Nf6 2. c4 c5 3. d5 b5 4. Nf3 Bb7 5. a4 bxc4 6. Nc3 e6 7. e4 Nxe4 8. Nxe4
exd5 9. Ng3 Be7 10. Be2 O-O 11. O-O Na6 12. Re1 Bf6 13. Nh5 Re8 14. Nxf6+ Qxf6
15. Bg5 Qf5 16. Bf1 Re4 17. Bh4 Nb4 18. Be7 Rc8 19. a5 Rxe1 20. Nxe1 Qe5 21.
Qe2 Qxe2 22. Bxe2 Re8 23. Bxc5 Na6 24. Be3 d4 25. Bxd4 Rxe2 26. Kf1 Rd2 27. Bc3
Rd5 28. Ra4 Bc6 29. Ra1 Nc5 30. Nc2 Rh5 31. Re1 f6 32. Re8+ Kf7 33. Rc8 Nb3 34.
h3 Rc5 35. f3 Nxa5 36. Nd4 Nb3 37. Bb4 c3 38. bxc3 Bb5+ 39. Nxb5 Rxb5 40. Rc7
a5 41. Rxd7+ Ke8 42. Re7+ Kd8 43. Ba3 Nd2+ 44. Ke2 Nc4 45. Rxg7 Nxa3 46. Rxh7
Rd5 47. Rf7 Rd6 48. h4 Nc4 49. f4 a4 50. h5 f5 51. Rxf5 a3 52. Rf8+ Kc7 53. Ra8
Re6+ 54. Kd3 Kb7 55. Rxa3 Nxa3 56. g4 Nb5 57. g5 Nd6 58. h6 Nf5 59. h7 Re8 60.
g6 Kc6 0-1

[Event "Mitropa Cup 16th"]
[Site "Buekfuerdo"]
[Date "1995.??.??"]
[Round "9"]
[White "Varga, Zoltan"]
[Black "Godena, Michele"]
[Result "1-0"]
[WhiteElo "2460"]
[BlackElo "2430"]
[PlyCount "69"]
[EventDate "1995.02.??"]
[EventType "team-tourn"]
[EventRounds "9"]
[EventCountry "HUN"]
[Source "ChessBase"]
[SourceDate "1995.07.01"]

1. e4 e5 2. Nf3 Nc6 3. Bb5 Bc5 4. O-O Qf6 5. d3 h6 6. Be3 Nd4 7. Bxd4 exd4 8.
c3 Ne7 9. Nbd2 dxc3 10. bxc3 O-O 11. d4 Bb6 12. e5 Qg6 13. Nh4 Qe6 14. f4 d6
15. Kh1 Qg4 16. Qe1 Nf5 17. Nxf5 Bxf5 18. Nc4 Qg6 19. Ne3 c6 20. Be2 Be4 21.
Qh4 f5 22. Bf3 Bxf3 23. gxf3 dxe5 24. Rg1 Qf6 25. Qxf6 Rxf6 26. fxe5 Rf7 27. f4
Rd8 28. Rab1 c5 29. d5 c4 30. Rxb6 axb6 31. d6 Ra8 32. Nd5 Rff8 33. e6 Rfd8 34.
d7 Ra5 35. e7 1-0